Kotler on marketing : (Registro nro. 11069)

Detalles MARC
000 -LIDER
fixed length control field 00877nam a22002777a 4500
001 - NÚMERO DE CONTROL
Identificador de número de control 000433
003 - IDENTIFICACDOR DE NÚMERO DE CONTROL
control field DO-SdBNP
005 - DATE AND TIME OF LATEST TRANSACTION
control field 20171113114515.0
007 - CAMPOS FIJOS DE DESCRIPCIÓN FÍSICA
fixed length control field 000433
008 - ELEMENTOS DE LONGITUD FIJA
fixed length control field 160802b 1999 nyu ||||| |||| 00| 0 spa d
020 ## - ISBN
International Standard Book Number 9780684850337
020 ## - ISBN
International Standard Book Number 0684850338
040 ## - FUENTE DE CATALOGACIÓN
Agencia que crea de manera original el registro BPMSU
Idioma de catalogación spa
Agencia que realiza la transcripción BPMSU
082 #4 - NÚMERO DE CLASIFICACIÓN DECIMAL DE DEWEY
Classification number 658.8
Item number K87k
100 1# - ASIENTO PRINCIPAL -- NOMBRE PERSONAL
Nombre personal Kotler, Philip
245 10 - MENCIÓN DE TITULO
Título Kotler on marketing :
Subtítulo how to create, win, and dominate markets /
Mención de responsabilidad Philip Kotler.
260 ## - PUBLICACIÓN, DISTRIBUCIÓN, ETC. (PIE DE IMPRENTA)
Lugar de publicación, distribución, etc New York :
Nombre del editor, distribuidor, etc. Free Press,
Fecha de publicación, distribución, etc 1999.
300 ## - DESCRIPCIÓN FÍSICA
Extensión xiv, 257 p. :
Otros detalles físicos il. ;
Dimensiones 25 cm.
500 ## - NOTA GENERAL
Nota general Incluye referencias bibliográficas y notas al pie de las páginas.
504 ## - NOTA DE BIBLIOGRAFÍA, ETC.
Bibliography, etc Incluye índice
650 ## - ENCABEZAMIENTO DE MATERIA--TEMÁTICO
Término temático o nombre geográfico como elemento de entrada AMINISTRACIÓN DE MERCADEO
910 ## - VALIDACIÓN
Validación Validado. Control de calidad MFF
942 ## - ADDED ENTRY ELEMENTS (KOHA)
Source of classification or shelving scheme Dewey Decimal Classification
Koha item type Libros
945 ## - INFORMACIÓN DE PROCESAMIENTO LOCAL
Información de procesamiento local Inventariado extrajenro / 2017 VM
956 ## - LOCAL ELECTRONIC LOCATION AND ACCESS (OCLC)
Método de acceso LOPEREZ
Materiales especificados 10
Enlace 20160102
Campo enlazado y núm. de secuencia BPMSU
Nombre de host 00041
Existencias
Withdrawn status Lost status Source of classification or shelving scheme Damaged status Not for loan Collection code Home library Current library Date acquired Source of acquisition Total Checkouts Full call number Barcode Date last seen Price effective from Koha item type
    Dewey Decimal Classification     Colección General Biblioteca Pública Metropolitana Salomé Ureña Biblioteca Pública Metropolitana Salomé Ureña 08/02/2016 Roberto Antonio Férnandez   658.8 K87k BPMSU16080013 08/02/2016 08/02/2016 Libros